[Event "Kieler Open 2021"]
[Site "Kiel"]
[Date "2021.07.24"]
[Round "2.16"]
[White "Thielemann,Joachim"]
[Black "Schalla,Dieter"]
[Result "1/2-1/2"]
[Annotator "MaBa"]
[BlackElo "2043"]
[WhiteElo "1746"]

1.e4 c5 2.Nc3 g6 3.g3 Bg7 4.Bg2 Nc6 5.Nge2 e6 6.d3 Nge7 7.Be3 Nd4 8.O-O d5
9.Rb1 Nxe2+ 10.Nxe2 b6 11.exd5 exd5 12.c4 O-O 13.Bg5 Bb7 14.d4 cxd4 15.Nxd4
Qd7 16.Bxe7 Qxe7 17.cxd5 Rad8 18.Nb5 a6 19.Nc3 Qd7 20.Qb3 Bxc3 21.bxc3 Bxd5
22.Bxd5 Qxd5 23.Qxd5 Rxd5 24.Rxb6 Ra5 25.Rb2 Rc8 26.Rc1 Rc4 27.Rcc2 Rac5
28.Rb3 a5 29.Kf1 h5 30.h4 g5 31.hxg5 Rxg5 32.Re2 h4 33.gxh4 Rxh4 34.Re3 Rf5
35.Ke2 Rhf4 36.f3 Kg7 37.Rb2 Kg6 38.Rc2 Rh4 39.c4 Rc5 40.Re4 Rh8 41.Kd3 f5
42.Re6+ Kf7 43.Rd6 Ke7 44.Rd5 Rxd5+ 45.cxd5 Kd6 46.Rb2 Rh4 47.Rb5 Ra4 48.Ke3
f4+ 49.Kd3 Rxa2 50.Ke4 a4 51.Rb6+ Kd7 52.Kxf4 a3 53.Ra6 Ra1 54.Kf5 a2 55.f4
Ke7 56.d6+ Kd7 57.Kf6 Rf1 58.Rxa2 Rxf4+ 59.Ke5 Rf3 60.Ra7+ Kd8 1/2-1/2

[Event "Kieler Open 2021"]
[Site "Kiel"]
[Date "2021.07.24"]
[Round "2.17"]
[White "Kosanke,Stefan"]
[Black "Gibhardt,Peter"]
[Result "1/2-1/2"]
[Annotator "MaBa"]
[BlackElo "1754"]
[WhiteElo "2033"]

1.d4 c5 2.d5 e6 3.dxe6 dxe6 4.Qxd8+ Kxd8 5.g3 Bd7 6.Bg2 Bc6 7.Nf3 h6 8.O-O
Bd6 9.b3 Ke7 10.Bb2 Nf6 11.Nbd2 Nbd7 12.a4 Rhg8 13.Rfd1 Ne4 14.Nc4 Bc7
15.Nfe5 Nxe5 16.Bxe5 Bxe5 17.Nxe5 Nc3 18.Nxc6+ bxc6 19.Rd2 Rad8 20.Rxd8 Rxd8
21.e3 Rd2 22.Bxc6 Rxc2 23.Bb5 Kd6 24.Bc4 Rb2 25.Rc1 Rb1 26.Rxb1 Nxb1 27.Kf1
Nd2+ 28.Ke2 Nxc4 29.bxc4 Kc6 30.Kd3 Kb6 31.Kc3 Ka5 32.Kb3 h5 33.e4 f5 34.exf5
exf5 35.f4 1/2-1/2

[Event "Kieler Open 2021"]
[Site "Kiel"]
[Date "2021.07.24"]
[Round "2.18"]
[White "Gut,Raphael"]
[Black "Garbuszus,Jürgen"]
[Result "0-1"]
[Annotator "MaBa"]
[BlackElo "2025"]
[WhiteElo "1736"]

1.d4 f5 2.c4 Nf6 3.Nf3 g6 4.g3 Bg7 5.Bg2 O-O 6.O-O d6 7.Nc3 c6 8.Re1 Ne4
9.Qc2 Nxc3 10.bxc3 e5 11.e4 fxe4 12.Qxe4 d5 13.Qc2 e4 14.Ne5 Nd7 15.Ng4 Nf6
16.Ne3 Be6 17.Ba3 Rf7 18.Rab1 Qd7 19.cxd5 cxd5 20.Rb2 Rc8 21.Reb1 b6 22.Bb4
Bh6 23.Re1 Bh3 24.Qb3 Bxg2 25.Kxg2 Bxe3 26.Rxe3 Ng4 27.Ree2 Rc4 28.Ba3 Rf3
29.Qb5 Qxb5 30.Rxb5 Rfxc3 31.Bd6 Rc2 32.Rxc2 Rxc2 33.h3 Nxf2 34.Rxd5 Nd3+
35.Kf1 e3 0-1

[Event "Kieler Open 2021"]
[Site "Kiel"]
[Date "2021.07.24"]
[Round "2.19"]
[White "Meyer,Jürgen"]
[Black "Jarosch,Wolfram"]
[Result "1-0"]
[Annotator "MaBa"]
[BlackElo "1731"]
[WhiteElo "2011"]

1.e4 e5 2.Nc3 Nf6 3.f4 d5 4.fxe5 Nxe4 5.Qf3 Nxc3 6.dxc3 Be6 7.Bf4 Nd7 8.Ne2
c5 9.g4 Qh4+ 10.Bg3 Qxg4 11.Qxg4 Bxg4 12.Bg2 Nb6 13.Nf4 O-O-O 14.h3 Bf5
15.O-O-O d4 16.cxd4 Rxd4 17.Rxd4 cxd4 18.Bf2 g5 19.Nd5 Nxd5 20.Bxd5 Bg7
21.Bxd4 Rd8 22.c4 Be4 23.Re1 Bxd5 24.cxd5 Rxd5 25.e6 Bf8 26.Bg7 Bb4 27.e7
Bxe7 28.Rxe7 f5 29.Re5 Rxe5 30.Bxe5 h5 31.Kd2 Kd7 32.Bf6 g4 33.h4 Ke6 34.Bg5
Ke5 35.Ke3 b5 36.Bf4+ Kd5 37.Bb8 a5 38.Kf4 g3 39.Kxg3 Ke4 40.Bc7 a4 41.a3 Ke3
42.Bf4+ Ke4 43.Bg5 Ke5 44.Kf3 Kd5 45.Kf4 Ke6 46.Bd8 Kd7 47.Ba5 Ke6 48.Bc3
1-0

[Event "Kieler Open 2021"]
[Site "Kiel"]
[Date "2021.07.24"]
[Round "2.20"]
[White "Karheily,Somar"]
[Black "Blietschau,Volker"]
[Result "0-1"]
[Annotator "MaBa"]
[BlackElo "2010"]
[WhiteElo "1725"]

1.d4 d5 2.Bf4 Bf5 3.e3 Nf6 4.c4 dxc4 5.Bxc4 e6 6.Nc3 Bd6 7.Bxd6 Qxd6 8.Qb3
Nc6 9.Nf3 O-O 10.Nh4 Be4 11.Nxe4 Nxe4 12.Bd3 Nf6 13.O-O Rfd8 14.Rad1 a6
15.Nf3 b5 16.e4 Qf4 17.e5 Nd5 18.Bxh7+ Kxh7 19.Qc2+ g6 20.Qxc6 Kg7 21.Qc1 Qf5
22.Rfe1 Nf4 23.Re3 g5 24.Qb1 Qg4 25.Ne1 Rh8 26.Rg3 Ne2+ 27.Kh1 Rxh2+ 28.Kxh2
Rh8+ 29.Rh3 Rxh3+ 0-1

[Event "Kieler Open 2021"]
[Site "Kiel"]
[Date "2021.07.24"]
[Round "2.21"]
[White "Quiring,Nikolai"]
[Black "Ahrens,Jan"]
[Result "1/2-1/2"]
[Annotator "MaBa"]
[BlackElo "1724"]
[WhiteElo "2005"]

1.d4 d5 2.c4 e6 3.Nc3 c6 4.cxd5 cxd5 5.Bf4 Nc6 6.e3 Bd6 7.Bxd6 Qxd6 8.f4 f5
9.Nf3 Nf6 10.Ne5 Bd7 11.Bd3 a6 12.Rc1 O-O 13.O-O Rac8 14.Rf3 g6 15.Rh3 Qb4
16.Qe2 b5 17.Nxd7 Nxd7 18.g4 Nf6 19.gxf5 exf5 20.Qg2 Ne7 21.Kh1 Ne4 22.Bxe4
dxe4 23.Rg1 Rc6 24.Qg5 Rf7 25.Rg2 Rxc3 26.bxc3 Qxc3 27.Rhg3 Qa1+ 28.Rg1 Qxa2
29.h4 b4 30.h5 b3 31.hxg6 hxg6 32.Rh3 b2 33.Qh6 Rg7 34.Qh8+ Kf7 35.Qb8 Rg8
36.Rh7+ Rg7 37.Rh8 Rg8 38.Rh7+ Rg7 39.Rh2 Rg8 40.Qxb2 Qxb2 41.Rxb2 Nd5
42.Rb7+ Ke6 43.Rg3 Kd6 44.Kg2 Kc6 45.Rh7 a5 46.Rh6 Kb5 47.Kf2 Rc8 48.Rhxg6
Rc2+ 49.Ke1 Rc3 50.R6g5 Ne7 51.Kd2 Rd3+ 52.Ke2 Kc4 53.Kf2 a4 54.Rg7 Nd5
55.Ra7 a3 56.Rg8 Rxe3 57.Rc8+ Kb5 58.Rc5+ Kb6 59.Raa5 Rf3+ 60.Kg1 Nc3 61.Kh1
a2 62.Ra3 Rf1+ 63.Kg2 a1=Q 64.Rxa1 Rxa1 65.Rxc3 Rd1 66.Rc5 Rxd4 67.Rxf5 Kc6
68.Kf2 Rd3 69.Kg2 Rf3 70.Re5 Rxf4 1/2-1/2

[Event "Kieler Open 2021"]
[Site "Kiel"]
[Date "2021.07.24"]
[Round "2.22"]
[White "Tatliak,Stefan"]
[Black "Helms,Finn"]
[Result "0-1"]
[Annotator "MaBa"]
[BlackElo "1972"]
[WhiteElo "1700"]

1.e4 c6 2.d4 d5 3.e5 c5 4.c3 Nc6 5.Nf3 Bg4 6.Be3 cxd4 7.cxd4 e6 8.Nc3 Qb6
9.Qd2 Be7 10.Bd3 Rc8 11.O-O Nh6 12.Rac1 Nf5 13.h3 Bxf3 14.Bxf5 Bh5 15.Nxd5
Qd8 16.Nxe7 Nxe7 17.Be4 Rc7 18.Qb4 Be2 19.Rfe1 Ba6 20.Bg5 h6 21.Bxe7 Rxe7
22.Rc5 Rd7 23.Rd1 O-O 24.Bf3 Qe7 0-1

[Event "Kieler Open 2021"]
[Site "Kiel"]
[Date "2021.07.24"]
[Round "2.23"]
[White "Krieglstein,Marcel"]
[Black "Farokhi,Darian"]
[Result "1-0"]
[Annotator "MaBa"]
[BlackElo "1182"]
[WhiteElo "1962"]

1.d4 Nf6 2.c4 c5 3.d5 b5 4.cxb5 a6 5.bxa6 g6 6.Nc3 Bg7 7.g3 O-O 8.Bg2 Qa5
9.Bd2 Bxa6 10.Nf3 d6 11.O-O Nbd7 12.Rb1 Bc4 13.b3 Bb5 14.a4 Ba6 15.h3 Qc7
16.Re1 Rfb8 17.Qc2 Rb6 18.e4 Rab8 19.Bf1 Bxf1 20.Kxf1 Qb7 21.Nb5 Ne8 22.Kg2
Nc7 23.Nxc7 Qxc7 24.Ba5 Qb7 25.Bxb6 Qxb6 26.g4 Qb4 27.Rec1 Nf6 28.Re1 Nd7
29.g5 Ne5 30.Nxe5 Bxe5 31.h4 Bc3 32.Rh1 Be5 33.Qe2 Qc3 34.Rhc1 1-0

[Event "Kieler Open 2021"]
[Site "Kiel"]
[Date "2021.07.24"]
[Round "2.25"]
[White "Beerbaum,Philipp"]
[Black "Schiller,Thomas"]
[Result "0-1"]
[Annotator "MaBa"]
[BlackElo "1956"]
[WhiteElo "1360"]

1.c4 e5 2.g3 Nc6 3.Bg2 f5 4.Nc3 Nf6 5.d3 Bb4 6.e3 O-O 7.Ne2 d6 8.O-O Bxc3
9.Nxc3 Rb8 10.a3 Ne7 11.b4 Be6 12.Qe2 Ng6 13.f4 Qd7 14.Nd5 Ne8 15.Bd2 c6
16.Nc3 Nf6 17.b5 Rbe8 18.e4 Re7 19.Be3 exf4 20.Bxf4 Rfe8 21.bxc6 bxc6 22.Bg5
Rf7 23.Bxf6 Rxf6 24.Rad1 f4 25.Rf2 Ref8 26.Rdf1 Bg4 27.Bf3 Bh3 28.Bg2 f3
29.Bxf3 Bxf1 30.Qxf1 Ne5 0-1

[Event "Kieler Open 2021"]
[Site "Kiel"]
[Date "2021.07.24"]
[Round "2.26"]
[White "Sauer,Andreas"]
[Black "Schmidt,Peter"]
[Result "0-1"]
[Annotator "MaBa"]
[BlackElo "1913"]
[WhiteElo "1180"]

1.e4 e5 2.Nf3 Nc6 3.Bc4 Nf6 4.d3 Bc5 5.O-O d6 6.Bg5 h6 7.Be3 Bb6 8.h3 g5
9.Nh2 Be6 10.Bxe6 fxe6 11.Bxb6 axb6 12.Nd2 Qe7 13.c3 h5 14.f3 O-O-O 15.b4 d5
16.a4 g4 17.fxg4 hxg4 18.Nxg4 Nxg4 19.Qxg4 Rdg8 20.Qf3 Qh4 21.Kh2 d4 22.Ra3
dxc3 23.Rxc3 Nd4 24.Qf7 Qg3+ 0-1

[Event "Kieler Open 2021"]
[Site "Kiel"]
[Date "2021.07.24"]
[Round "2.27"]
[White "Wartenberg,Julian"]
[Black "Peglau,Markus,Dr."]
[Result "0-1"]
[Annotator "MaBa"]
[BlackElo "1836"]
[WhiteElo "1408"]

1.c4 Nf6 2.g3 c5 3.Bg2 Nc6 4.Nc3 g6 5.e3 Bg7 6.Nge2 O-O 7.O-O d6 8.b3 Bf5
9.d3 Rb8 10.Rb1 Nb4 11.e4 Bd7 12.a3 Nc6 13.Bb2 a6 14.Qc2 b5 15.Nd5 Nxd5
16.Bxg7 Kxg7 17.exd5 Ne5 18.d4 cxd4 19.Nxd4 bxc4 20.f4 Ng4 21.Qc3 Kg8 22.bxc4
Qc7 23.h3 Nf6 24.Qd3 Qc5 25.Kh2 Rfc8 26.Rxb8 Rxb8 27.Rc1 Rb2 28.Rc2 Rxc2
29.Nxc2 Bf5 30.Qe2 Bxc2 31.Qxc2 Qxa3 32.Bf1 Qe3 33.Qe2 Qxe2+ 34.Bxe2 a5
35.Bd1 Ne4 36.Ba4 Nc3 0-1

[Event "Kieler Open 2021"]
[Site "Kiel"]
[Date "2021.07.24"]
[Round "2.28"]
[White "Lu,Siyuan"]
[Black "Wartenberg,Alexander"]
[Result "1-0"]
[Annotator "MaBa"]
[BlackElo "1424"]
[WhiteElo "1876"]

1.e4 e5 2.Nf3 Nf6 3.Nc3 Nc6 4.d4 exd4 5.Nxd4 Bb4 6.Nxc6 bxc6 7.Bd3 O-O 8.O-O
Re8 9.Re1 d5 10.Bd2 dxe4 11.Nxe4 Nxe4 12.Bxb4 Nf6 13.Qf3 Qd5 14.Rxe8+ Nxe8
15.Be4 Qb5 16.Bxc6 Qxb4 17.Bxa8 Qxb2 18.Re1 Nd6 19.c4 Qxa2 20.c5 Qa5 21.Qe3
1-0

[Event "Kieler Open 2021"]
[Site "Kiel"]
[Date "2021.07.24"]
[Round "2.29"]
[White "Lambrecht,Harald"]
[Black "Bräutigam,Katerina"]
[Result "0-1"]
[Annotator "MaBa"]
[BlackElo "1738"]
[WhiteElo "1444"]

1.d4 Nf6 2.c4 g6 3.Nc3 Bg7 4.e4 d6 5.f3 O-O 6.Be3 Nbd7 7.Qd2 e5 8.d5 a5 9.g4
h5 10.h3 Nb6 11.a4 c6 12.b3 Qc7 13.Rc1 Rd8 14.Qf2 Nbd7 15.g5 Ne8 16.Bd3 Bf8
17.Nge2 Nc5 18.Bxc5 dxc5 19.Bc2 Nd6 20.h4 Rb8 21.O-O b5 22.dxc6 bxc4 23.Nd5
Qxc6 24.bxc4 Nxc4 25.Nf6+ Kh8 26.Rfd1 Be6 27.Nc3 Nb6 28.Rxd8 Rxd8 29.Rd1 Rc8
30.Nfd5 c4 31.Kg2 Bc5 32.Qg3 Bd6 33.Nxb6 Qxb6 34.Nb5 Bb8 35.Qe1 Kg8 36.Qd2
Kf8 37.Rb1 Qd8 38.Qe3 Kg8 39.Rd1 Qe7 40.Qb6 Bc7 41.Nxc7 Qxc7 42.Rb1 Qxb6
43.Rxb6 c3 44.Kf1 Bd7 45.Ke1 Bxa4 46.Bxa4 c2 47.Bxc2 Rxc2 48.Rb3 Rc8 49.Ra3
Rc5 50.Kd2 Kf8 51.Ke3 Ke7 52.Kd3 Kd6 53.Rc3 Rxc3+ 54.Kxc3 Kc5 55.Kb3 Kd4
0-1

[Event "Kieler Open 2021"]
[Site "Kiel"]
[Date "2021.07.24"]
[Round "2.30"]
[White "Malinowsky,Celina"]
[Black "vonÂ Lossow,Marcus"]
[Result "1/2-1/2"]
[Annotator "MaBa"]
[BlackElo "1697"]
[WhiteElo "1366"]

1.e4 e5 2.Nf3 Nc6 3.Bc4 Bc5 4.c3 Nf6 5.d3 d6 6.Bb3 O-O 7.Nbd2 Ng4 8.O-O Kh8
9.h3 Nh6 10.Re1 f5 11.exf5 Nxf5 12.Nf1 Nh4 13.N1h2 Qf6 14.Bg5 Nxf3+ 15.Nxf3
Qg6 16.Bc2 Qh5 17.Re4 Bxf2+ 18.Kxf2 Qxg5 19.Qe2 Rf6 20.Qe3 Qxe3+ 21.Rxe3 Bd7
22.Kg1 Raf8 23.Rae1 Bxh3 24.gxh3 Rxf3 25.Rxf3 Rxf3 26.d4 g6 27.Be4 Rxh3
28.Bxc6 bxc6 29.dxe5 dxe5 30.Rxe5 Rd3 31.Re8+ Kg7 32.Re7+ Kh6 33.Rxc7 Rd1+
34.Kf2 Rd2+ 35.Ke3 Rxb2 36.Rxa7 g5 37.a4 c5 38.a5 Rb3 39.Kd3 Ra3 40.a6 g4
41.Ra8 g3 42.Rg8 Rxa6 43.Rxg3 Rg6 44.Rh3+ Kg7 45.Rh5 Rc6 46.Kc4 Kg6 47.Rxc5
Rxc5+ 48.Kxc5 Kf5 49.Kd6 h5 50.c4 h4 51.c5 h3 52.c6 h2 53.c7 h1=Q 54.c8=Q+
Kf4 55.Qf8+ 1/2-1/2

[Event "Kieler Open 2021"]
[Site "Kiel"]
[Date "2021.07.24"]
[Round "2.31"]
[White "Weber,Andreas"]
[Black "Peglau,PaulÂ David"]
[Result "0-1"]
[Annotator "MaBa"]
[BlackElo "1365"]
[WhiteElo "1696"]

1.Nf3 d5 2.g3 Nf6 3.Bg2 Bf5 4.d3 e6 5.O-O Bd6 6.Nbd2 O-O 7.Re1 Bg6 8.e4 dxe4
9.dxe4 Bc5 10.h3 Nxe4 11.Re2 Nxg3 12.Re1 Nf5 13.Qe2 Nd7 14.Ne4 Be7 15.Bf4 Bf6
16.c3 Rc8 17.Rad1 Qe7 18.Kh1 Rfd8 19.Nh2 b6 20.Ng4 Bh4 21.Rg1 Nc5 22.Nxc5
Qxc5 23.Qa6 b5 24.Bd2 Bxf2 25.b4 Ng3+ 26.Kh2 Bxg1+ 27.Kxg3 Qd6+ 28.Qxd6 Rxd6
29.Rxg1 Rxd2 30.Ne5 Rxa2 31.Nc6 Kf8 32.Bf3 Rc2 33.Rd1 Rxc3 34.Nxa7 Re8 35.Nc6
Rc8 36.Kf2 Bh5 37.Bxh5 Rxc6 38.Rd7 g6 39.Bf3 Rc4 40.Ke3 Rb8 41.Be4 Ke8 42.Rd3
Ke7 43.Rb3 f5 44.Bf3 f4+ 45.Ke2 Rd8 46.Rb2 Rdd4 0-1

[Event "Kieler Open 2021"]
[Site "Kiel"]
[Date "2021.07.24"]
[Round "2.32"]
[White "Möller,Rainer"]
[Black "Ahrens,Gunnar"]
[Result "0-1"]
[Annotator "MaBa"]
[BlackElo "1692"]
[WhiteElo "1365"]

1.e4 c5 2.Nf3 Nc6 3.d4 cxd4 4.Nxd4 g6 5.Be3 Bg7 6.Nc3 a6 7.Nxc6 bxc6 8.Bc4 e6
9.Bd2 d5 10.exd5 cxd5 11.Bb3 Ne7 12.Rb1 O-O 13.O-O Nc6 14.Qf3 Nd4 15.Qd1 Bd7
16.Be3 Nxb3 17.axb3 Bc6 18.Ne2 Bb5 19.Re1 Rc8 20.c3 Bc6 21.b4 Qc7 22.Ng3 Bb7
23.Bd4 e5 24.Bc5 Rfe8 25.Qd2 Qc6 26.f3 e4 27.fxe4 dxe4 28.Re3 Bh6 29.Qe2 Rcd8
30.Bd4 f5 31.Nxf5 gxf5 32.Rg3+ Kf8 33.Bc5+ Rd6 34.Qc4 Ke7 35.Rd1 Rd8 36.Rg8
Qxc5+ 37.Qxc5 Be3+ 38.Kf1 Bxc5 39.Rg7+ Ke6 40.Rxd6+ Bxd6 41.Rxb7 Bxh2 42.Rxh7
Bf4 43.Rh6+ Bxh6 0-1

[Event "Kieler Open 2021"]
[Site "Kiel"]
[Date "2021.07.24"]
[Round "2.33"]
[White "Kathage,Holger"]
[Black "Langbein,Wolfgang,Dr"]
[Result "1-0"]
[Annotator "MaBa"]
[BlackElo "1353"]
[WhiteElo "1665"]

1.d4 e6 2.Nf3 Nc6 3.c3 Nf6 4.e3 b6 5.Bd3 Bb7 6.Nbd2 d5 7.O-O Bd6 8.Qe2 O-O
9.e4 dxe4 10.Nxe4 Nxe4 11.Qxe4 g6 12.Ng5 Na5 13.Qg4 h5 14.Qe2 Be7 15.Nxe6 Qd5
16.Nf4 Qg5 17.f3 Bd6 18.Nxg6 Qd8 19.Nxf8 Bxf8 20.f4 Qh4 21.Bd2 Bd6 22.Rae1
Bc6 23.Qf2 Qf6 24.Be4 Rd8 25.Bxc6 Nxc6 26.Re2 Ne7 27.Qg3+ Kf8 28.Qg5 Qg6
29.f5 Qh7 30.Re4 Nc6 31.Qh6+ Kg8 32.Qxh7+ Kxh7 33.Rh4 Bf8 34.Rxh5+ Kg8 35.f6
Rd6 36.Rf3 1-0

[Event "Kieler Open 2021"]
[Site "Kiel"]
[Date "2021.07.24"]
[Round "2.34"]
[White "Schmieder,Kerstin"]
[Black "Harting-Maas,Daniel"]
[Result "1-0"]
[Annotator "MaBa"]
[BlackElo "1317"]
[WhiteElo "1658"]

1.d4 d5 2.Nc3 Nf6 3.Bg5 Bf5 4.Bxf6 exf6 5.a3 g5 6.e3 Nc6 7.Bd3 Bxd3 8.Qxd3
Qd7 9.Nge2 O-O-O 10.O-O-O a6 11.Ng3 Ne7 12.Nh5 Qf5 13.Qxf5+ Nxf5 14.Nxf6 Ne7
15.h4 Bh6 16.hxg5 Bxg5 17.Nxh7 f6 18.f4 Bxf4 19.exf4 Nf5 20.Nxf6 Ne3 21.Rxh8
Rxh8 22.Rg1 Rh2 23.Ncxd5 Nxg2 24.Ng4 Rh4 25.Rxg2 Rh1+ 26.Kd2 b5 27.Ne5 Kb7
28.Rg7 Rh2+ 29.Kd3 a5 30.Rxc7+ Kb8 31.Nc6+ Ka8 32.Nb6# 1-0

[Event "Kieler Open 2021"]
[Site "Kiel"]
[Date "2021.07.24"]
[Round "2.35"]
[White "Holzapfel,Jörg"]
[Black "Lambrecht,Niklas"]
[Result "0-1"]
[Annotator "MaBa"]
[BlackElo "1654"]
[WhiteElo "1338"]

1.c4 e5 2.Nc3 Nc6 3.e4 Bc5 4.Nf3 d6 5.h3 Nge7 6.d3 O-O 7.Bg5 Qe8 8.Nd5 Nxd5
9.cxd5 Nd4 10.a3 Nxf3+ 11.Qxf3 f5 12.Be3 fxe4 13.Qxe4 Bf5 14.Qh4 Qb5 15.b4
Bxe3 16.d4 Bxf2+ 17.Qxf2 Bd3 18.Bxd3 Qxd3 19.Qd2 Qg3+ 20.Kd1 Rf2 21.Qc1 Qd3+
0-1

[Event "Kieler Open 2021"]
[Site "Kiel"]
[Date "2021.07.24"]
[Round "2.36"]
[White "Scheid,Lennart"]
[Black "Chitsazian,Daniel"]
[Result "1-0"]
[Annotator "MaBa"]
[BlackElo "1142"]
[WhiteElo "1647"]

1.d4 Nf6 2.Bf4 d5 3.Nf3 c5 4.e3 cxd4 5.exd4 Bf5 6.Bd3 Bxd3 7.Qxd3 Qb6 8.O-O
e6 9.Nbd2 g6 10.c3 Bg7 11.Ne5 Nh5 12.Be3 Nc6 13.Ndf3 Qc7 14.Kh1 f5 15.Rfe1
O-O 16.Bd2 Nf6 17.Ng5 Ne4 18.Re2 Nxe5 19.dxe5 Qe7 20.Nf3 Rac8 21.Be3 a6 22.a4
f4 23.Bd4 Rf5 24.b4 Rh5 25.Rxe4 dxe4 26.Qxe4 g5 27.Bc5 Qc7 28.Nd4 Re8 29.Qf3
Rh6 30.Bd6 Qf7 31.Qg4 Qg6 32.g3 Qe4+ 33.Qf3 Qd5 34.Qxd5 exd5 35.Nf5 Rhe6
36.gxf4 Bf8 37.Rg1 Rg6 38.Bxf8 Kxf8 39.Nd6 Re7 40.f5 Rg8 41.e6 h6 42.Re1 Kg7
43.Re5 Rd8 44.Rxd5 b5 45.axb5 axb5 46.Kg2 Rc7 47.Nxb5 Rxd5 48.Nxc7 Re5 49.b5
h5 50.b6 h4 51.b7 g4 52.b8=Q g3 53.Ne8+ Kh6 54.Qxe5 h3+ 55.Kxh3 Kg5 56.Qf6+
Kf4 57.Qd4+ Kg5 58.Qg4+ Kh6 59.Qg6# 1-0

[Event "Kieler Open 2021"]
[Site "Kiel"]
[Date "2021.07.24"]
[Round "2.37"]
[White "Brühl,Rainer"]
[Black "Zielke,Bernd"]
[Result "0-1"]
[Annotator "MaBa"]
[BlackElo "1647"]
[WhiteElo "1293"]

1.d4 f5 2.c4 c6 3.Nc3 d6 4.Nf3 Na6 5.e3 Nc7 6.Be2 Nf6 7.Qc2 g6 8.Bd2 Bg7 9.e4
fxe4 10.Nxe4 O-O 11.Nc3 Kh8 12.O-O-O Bg4 13.h3 Bf5 14.Bd3 Bxd3 15.Qxd3 Qd7
16.Bg5 Rae8 17.Rhe1 Ne6 18.Be3 b6 19.d5 Nc7 20.Kb1 cxd5 21.Nxd5 Nfxd5 22.cxd5
Qf5 23.Qxf5 Rxf5 24.Bd4 Rxd5 25.Bxg7+ Kxg7 26.Nd4 Kf7 27.Nc6 Rxd1+ 28.Rxd1 a6
29.h4 a5 30.f4 Ne6 31.g3 Rc8 32.Rc1 Rc7 33.g4 Nc5 34.Nd4 Na6 35.Nc6 Ke8 36.f5
gxf5 37.gxf5 Kd7 38.Nd4 Rxc1+ 39.Kxc1 Nc5 40.Kc2 Ne4 41.Ne6 Nf6 42.a4 Kc6
43.Kd3 Kd5 44.Ng7 Ng4 45.Nh5 Ne5+ 46.Kc3 Nf3 47.f6 Ke6 48.fxe7 Kxe7 49.Nf4
Kd7 50.h5 Kc6 51.Ne6 { Formular nicht lesbar } 0-1

[Event "Kieler Open 2021"]
[Site "Kiel"]
[Date "2021.07.24"]
[Round "2.38"]
[White "Klein,Edmund"]
[Black "Peglau,Lorena"]
[Result "1-0"]
[Annotator "MaBa"]
[BlackElo "1005"]
[WhiteElo "1636"]

1.e4 c6 2.d4 d5 3.exd5 cxd5 4.Bd3 Nc6 5.c3 Nf6 6.Bf4 Bg4 7.Qb3 Qb6 8.Nd2 e6
9.Ngf3 Bxf3 10.Nxf3 Qxb3 11.axb3 a6 12.b4 Ra7 13.Ne5 Nb8 14.b5 Bd6 15.bxa6
bxa6 16.Nc6 Nxc6 17.Bxd6 Nd8 18.Bb5+ axb5 19.Rxa7 Nc6 20.Ra8+ Nd8 21.O-O Kd7
22.Bb4 Rg8 23.Rfa1 Nc6 24.Rxg8 Nxg8 25.Ra8 Nf6 26.Bf8 g6 27.Bg7 Ne4 28.f3 Nd2
29.Bh6 Nc4 30.Bc1 h5 31.b3 Nb6 32.Ra1 Kc7 33.g4 h4 34.Bg5 b4 35.cxb4 Nxb4
36.Ra7+ Kd6 37.Be7+ Kc6 38.Bxb4 Kb5 39.Bc5 Kc6 40.Bxb6 Kxb6 41.Rxf7 1-0

[Event "Kieler Open 2021"]
[Site "Kiel"]
[Date "2021.07.24"]
[Round "2.39"]
[White "Wang,Kaiwen"]
[Black "Diederichs,Karl"]
[Result "1-0"]
[Annotator "MaBa"]
[BlackElo "1620"]
[WhiteElo "1068"]

1.e4 e6 2.d4 d5 3.exd5 exd5 4.c4 Nf6 5.Nc3 c6 6.Bf4 Bb4 7.Nf3 O-O 8.Be2 Ne4
9.Qb3 Bxc3+ 10.bxc3 Re8 11.Be3 dxc4 12.Bxc4 Qe7 13.O-O Nd7 14.Rfe1 Qf6 15.Bg5
Nxg5 16.Rxe8+ Nf8 17.Nxg5 Be6 18.Bxe6 Rxe8 19.Bxf7+ Kh8 20.Bxe8 Qxg5 21.Qf7
Ng6 22.Bd7 h5 23.Bf5 Ne7 24.Qf8+ Ng8 25.Be6 Kh7 26.Bxg8+ Kh6 27.Qd6+ g6
28.Qf8# 1-0

[Event "Kieler Open 2021"]
[Site "Kiel"]
[Date "2021.07.24"]
[Round "2.40"]
[White "Ehrich,Dieter"]
[Black "Riechenberg,Sebastia"]
[Result "0-1"]
[Annotator "MaBa"]
[BlackElo "985"]
[WhiteElo "1620"]

1.c4 c5 2.g3 Nc6 3.Bg2 Nf6 4.Nc3 e5 5.d3 d6 6.Bd2 g6 7.Nf3 Bg7 8.O-O O-O
9.Qc1 Be6 10.Bg5 Qc7 11.Bh6 Rfe8 12.Bxg7 Kxg7 13.Ng5 Rab8 14.Nge4 Nxe4
15.Nxe4 Nd4 16.Qd2 b5 17.cxb5 Rxb5 18.Nc3 Rb6 19.e3 Nb5 20.Ne4 Reb8 21.a4 d5
22.a5 R6b7 23.Ng5 Nd6 24.Rfb1 Rb3 25.Nxe6+ fxe6 26.Bf3 Qb7 27.Ra2 c4 28.a6
Qb6 29.Bd1 Rxd3 30.Qc2 Ne4 31.Qa4 Rd2 32.Qd7+ Kh6 33.Qe7 Rxf2 34.Qh4+ Kg7
35.g4 Qxe3 36.Ba4 Rfxb2+ 37.Kf1 Rxb1+ 38.Kg2 Rg1# 0-1

[Event "Kieler Open 2021"]
[Site "Kiel"]
[Date "2021.07.24"]
[Round "2.41"]
[White "Hock,Reiner"]
[Black "Tran,MinhÂ Dat"]
[Result "0-1"]
[Annotator "MaBa"]
[BlackElo "1611"]
[WhiteElo "998"]

1.d4 Nf6 2.e3 e6 3.Bd3 c5 4.c3 Nc6 5.f4 d5 6.Nf3 Bd6 7.O-O b6 8.Ne5 Qc7 9.Nd2
cxd4 10.Nxc6 dxc3 11.Ne5 cxd2 12.Bxd2 Bxe5 13.fxe5 Qxe5 14.Bc3 Qxe3+ 15.Kh1
d4 16.Bb5+ Bd7 17.Bxd4 Qg5 18.Qf3 Rd8 19.Bxd7+ Rxd7 20.Bxf6 gxf6 21.Qc6 Qd5
22.Qa4 Rg8 23.Qc2 Qd2 24.Rac1 Rxg2 25.Qxd2 Rdxd2 26.Rxf6 Rxh2+ 27.Kg1 Rdg2+
28.Kf1 Rh1+ 29.Kxg2 Rxc1 30.Rf2 Ke7 31.Kg3 Rc5 32.Rh2 h5 33.Kf4 Rf5+ 34.Ke4
f6 35.Rc2 Rc5 36.Rh2 f5+ 37.Kf4 Kf6 38.Rxh5 e5+ 39.Kg3 Rc2 40.Rh7 Rxb2
41.Rxa7 Rc2 42.a4 Rc6 43.Ra6 Kg5 44.a5 Rc3+ 45.Kf2 bxa5 46.Rxa5 Kf4 47.Ra4+
e4 48.Ke2 Rc2+ 49.Kd1 Rh2 50.Rc4 Kf3 51.Rc3+ e3 52.Rd3 Rd2+ 53.Rxd2 exd2
54.Kxd2 f4 55.Ke1 Kg2 0-1

[Event "Kieler Open 2021"]
[Site "Kiel"]
[Date "2021.07.24"]
[Round "2.43"]
[White "Tran,HannaÂ EmilieÂ Ma"]
[Black "Weihrauch,Sebastian"]
[Result "0-1"]
[Annotator "MaBa"]
[BlackElo "1591"]
[WhiteElo "984"]

1.e4 g6 2.Nf3 Bg7 3.Bc4 e6 4.Nc3 Ne7 5.Bb3 c5 6.d4 cxd4 7.Nxd4 Nbc6 8.Nf3 O-O
9.O-O Na5 10.e5 Nxb3 11.axb3 b6 12.Bg5 Bb7 13.Bf6 Bxf6 14.exf6 Nf5 15.Ne5 d6
16.Nc4 Qxf6 17.Nxd6 Rfd8 18.Nce4 Bxe4 19.Nxe4 Qxb2 20.Qe2 Nd4 21.Qa6 Nxc2
22.Rab1 Qe5 23.Qe2 Nd4 24.Qe3 Nf5 25.Qf3 Kg7 26.g3 Nd4 27.Qg2 Qd5 28.Rfd1
Ne2+ 29.Kf1 Qb5 30.Qf3 Nc3+ 31.Kg2 Nxd1 32.Qf6+ Kg8 33.Ng5 Qf5 34.Qe7 Qxf2+
35.Kh3 Rd2 36.Kg4 h5+ 37.Kh4 Qxh2+ 38.Nh3 Nf2 39.Kg5 Qxg3+ 40.Kh6 Qxh3 41.Rg1
Ng4+ 42.Rxg4 hxg4+ 43.Kg5 Rd5+ 44.Kf4 Qf3# 0-1

[Event "Kieler Open 2021"]
[Site "Kiel"]
[Date "2021.07.25"]
[Round "3.1"]
[White "Dittmann, Hans-Adolf"]
[Black "Teske, Henrik"]
[Result "0-1"]
[WhiteElo "2083"]
[BlackElo "2470"]
[Annotator "PS"]
[PlyCount "52"]
[EventDate "2021.??.??"]

1. e4 c5 2. Nf3 g6 3. d4 cxd4 4. Nxd4 Bg7 5. Nc3 Nc6 6. Be3 Nf6 7. Be2 O-O 8.
h4 d5 9. exd5 Nxd5 10. Nxd5 Qxd5 11. Nxc6 Qxc6 12. Bf3 Qb5 13. Qe2 Qb4+ 14. Bd2
Qxb2 15. O-O Be6 16. Rab1 Qxa2 17. Rfd1 Rac8 18. Be4 b6 19. h5 Qc4 20. Bd3 Qg4
21. Qe1 Qxh5 22. Rb5 Rc5 23. Rdb1 Be5 24. Rxc5 Qh2+ 25. Kf1 bxc5 26. Qe4 c4 0-1

[Event "Kieler Open 2021"]
[Site "Kiel"]
[Date "2021.07.25"]
[Round "3.2"]
[White "Spitzl, Vinzent"]
[Black "Farokhi, Keyvan"]
[Result "0-1"]
[WhiteElo "2346"]
[BlackElo "2045"]
[Annotator "PS"]
[PlyCount "114"]
[EventDate "2021.??.??"]

1. Nf3 d5 2. c4 e6 3. g3 Nf6 4. Bg2 Be7 5. O-O O-O 6. b3 c5 7. cxd5 exd5 8. d4
Nc6 9. Bb2 Be6 10. Nc3 Rc8 11. Rc1 Nxd4 12. Nxd4 cxd4 13. Qxd4 Bc5 14. Qd3 Qa5
15. a3 Qa6 16. Qxa6 bxa6 17. Na4 Be7 18. b4 Ne4 19. Rfd1 Rxc1 20. Rxc1 Rc8 21.
Rxc8+ Bxc8 22. Bd4 a5 23. bxa5 Bd7 24. Nc3 Nxc3 25. Bxc3 Bb5 26. Kf1 Bc4 27.
Bb4 Kf8 28. Ke1 Ke8 29. Kd2 Bf6 30. e3 g6 31. Bh3 Kd8 32. Bc5 a6 33. Bd6 Bb2
34. Kc2 Bg7 35. a4 f5 36. g4 Kd7 37. Bb4 fxg4 38. Bxg4+ Kc6 39. Bc3 Bf8 40. Be6
Kc5 41. f4 Bd6 42. Kb2 Be2 43. Bg8 Kc4 44. Bxh7 Bd3 45. Bg8 Be4 46. Be6 Kd3 47.
Bd4 Bxf4 48. Bc8 Bxe3 49. Bc3 Bc1+ 50. Kxc1 Kxc3 51. Bxa6 d4 52. Kd1 d3 53.
Bxd3 Bxd3 54. Ke1 Kb4 55. Kd2 Ba6 56. Ke3 Kxa5 57. Kf4 Be2 0-1

[Event "Kieler Open 2021"]
[Site "Kiel"]
[Date "2021.07.25"]
[Round "3.3"]
[White "Callsen, Niklas"]
[Black "Arndt, Magnus"]
[Result "0-1"]
[WhiteElo "2072"]
[BlackElo "2338"]
[Annotator "PS"]
[PlyCount "66"]
[EventDate "2021.??.??"]

1. e4 e5 2. d4 exd4 3. Qxd4 Nc6 4. Qc4 Nf6 5. Nc3 Bb4 6. Bd2 d6 7. O-O-O Be6 8.
Qe2 Qe7 9. f3 O-O-O 10. g4 h6 11. Nh3 d5 12. exd5 Nxd5 13. Nxd5 Rxd5 14. Bxb4
Qxb4 15. a3 Qc5 16. Rxd5 Qxd5 17. b3 Bxg4 18. Bg2 Bf5 19. Rd1 Qc5 20. Kb2 Nd4
21. Qf2 Qxc2+ 22. Qxc2 Nxc2 23. Rd5 Ne3 24. Re5 Nxg2 25. Rxf5 f6 26. Nf4 Nxf4
27. Rxf4 Re8 28. Kc3 Re3+ 29. Kc4 Kd7 30. a4 Ke7 31. Rg4 g5 32. Rg3 h5 33. b4
h4 0-1

[Event "Kieler Open 2021"]
[Site "Kiel"]
[Date "2021.07.25"]
[Round "3.4"]
[White "Browning, Alex"]
[Black "Meyer, Jürgen"]
[Result "1-0"]
[WhiteElo "2307"]
[BlackElo "2011"]
[Annotator "PS"]
[PlyCount "57"]
[EventDate "2021.??.??"]

1. c4 f5 2. Nf3 Nf6 3. g3 g6 4. b4 e6 5. a3 Bg7 6. Bb2 d6 7. Bg2 O-O 8. O-O e5
9. d3 Nc6 10. Nbd2 h6 11. c5 g5 12. Nc4 Be6 13. b5 Ne7 14. Nfd2 Bd5 15. Bxd5+
Nexd5 16. Qb3 Kh7 17. e4 Ne7 18. Rad1 Qd7 19. d4 exd4 20. Bxd4 fxe4 21. Bxf6
Bxf6 22. Nxe4 d5 23. Nxf6+ Rxf6 24. Ne5 Qh3 25. Rde1 Rd8 26. Qb4 Nf5 27. c6
bxc6 28. bxc6 Nh4 29. Qe7+ 1-0